[Event "9th A. Margaryan Memorial 2019"]
[Site "Yerevan"]
[Date "2019.01.08"]
[Round "1"]
[White "Sychev, Klementy"]
[Black "Sargsyan, Tigran R."]
[Result "1-0"]
[WhiteElo "2537"]
[BlackElo "2332"]
[Annotator "TA"]
[PlyCount "73"]
[EventDate "2019.01.08"]
[EventType "tourn"]
[EventCountry "ARM"]
[SourceTitle "playchess.com"]
[Source "ChessBase"]
[SourceQuality "1"]

{[%evp 15,73,72,61,39,50,37,55,52,62,51,64,73,77,81,81,85,89,82,75,87,96,73,74,83,75,76,72,74,110,105,196,190,179,179,222,224,218,204,218,226,195,207,324,331,297,306,301,292,338,327,358,358,397,392,452,445,486,480,470,462]} 1. c4 c6 2. g3 d5 3. Bg2 Nf6 4. Nf3 dxc4 5. O-O Bf5 6. Na3 {A11: English Opening: 1...c6} e6 (6... b5 7. b3 cxb3 8. axb3 e6 9. Bb2 Be7 10. Nh4 Bg4 11. h3 Bh5 12. g4 Nd5 13. Nf3 Bg6 {0-1 (28) Rozum,I (2585)-Alekseenko,K (2582) St Petersburg 2016}) 7. Nxc4 Nbd7 8. d3 Be7 {LiveBook: 5 Games} 9. Bf4 O-O 10. Rc1 Bg6 $146 ({Predecessor:} 10... h6 11. a3 Nb6 12. Nce5 Bh7 13. b4 Nbd5 {0-1 (36) Schantz,K (1396)-Willems,S (1522) Burg Stargard 2002}) 11. e4 Bh5 12. Qc2 Bxf3 13. Bxf3 Bc5 14. Qc3 Nb6 {[#]} 15. Na5 $1 Bd4 16. Qa3 Qd7 17. Nb3 Rfd8 18. Rfd1 e5 19. Bd2 Qe6 20. Ba5 Rac8 21. Kg2 Rd7 22. Bb4 Rcd8 (22... Qe8 $16) 23. Qxa7 $18 Nc8 24. Nxd4 Nxa7 25. Nxe6 fxe6 26. Bc3 Rxd3 27. Rxd3 ({Resist} 27. Bxe5 $6 Rxd1 28. Rxd1 Rxd1 $16) 27... Rxd3 28. Bxe5 Nb5 (28... Rd8 {keeps fighting.} 29. g4 h6) 29. Be2 Rd2 30. Bxb5 cxb5 {[%mdl 4096] Endgame KRB-KRN} 31. Kf3 h5 {Threatening ...Ng4.} 32. h3 h4 33. Ke3 ({Don't take} 33. gxh4 Rd3+ 34. Kg2 Nxe4 $18) 33... Rd7 34. gxh4 Kf7 35. Rc5 {White is clearly winning.} Rd1 36. Bxf6 Kxf6 37. Rxb5 {Accuracy: White = 92%, Black = 51%.} 1-0

[Event "9th A. Margaryan Memorial 2019"]
[Site "Yerevan"]
[Date "2019.01.08"]
[Round "1"]
[White "Gholami, Aryan"]
[Black "Sargsyan, Anna M."]
[Result "0-1"]
[WhiteElo "2488"]
[BlackElo "2339"]
[Annotator "TA"]
[PlyCount "96"]
[EventDate "2019.01.08"]
[EventType "tourn"]
[EventCountry "ARM"]
[SourceTitle "playchess.com"]
[Source "ChessBase"]
[SourceQuality "1"]

{[%evp 12,96,10,0,64,44,46,53,54,4,14,11,13,7,18,32,17,17,21,13,25,23,30,32,40,-56,0,0,0,-197,-193,-146,-84,-79,-78,-81,-80,-77,-68,-104,-115,-102,0,-164,-183,-177,-132,-235,-116,-117,-70,-72,-61,-50,-59,-121,-114,-133,39,26,31,32,37,0,0,-35,-34,-24,-41,-367,-395,-29964,-29965,-29964,-29959,-29989,-29990,-29990,-29991,-29991,-29992,-29992,-29993,-29993,-29994,-29994,-29995]} 1. Nf3 d5 2. d4 Nf6 3. Bf4 c5 4. e3 Nc6 5. Nbd2 Bg4 6. c3 e6 7. Qa4 {LiveBook: 10 Games. D02: 1 d4 d5 2 Nf3 sidelines, including 2...Nf6 3 g3 and 2...Nf6 3 Bf4} (7. Qb3 Qc8 8. Ne5 Nxe5 9. Bxe5 c4 10. Qc2 Bf5 11. Qd1 Nd7 12. g4 Bg6 13. Bg3 h5 14. g5 h4 {1-0 (45) Karjakin,S (2783)-Meier,G (2630) chess.com INT 2017}) 7... cxd4 (7... Nd7 $11) 8. Nxd4 $14 Qb6 $146 ({Predecessor:} 8... Rc8 9. f3 Bh5 10. Bb5 Qb6 11. b4 Nd7 12. Nxc6 bxc6 13. Ba6 {0-1 (25) Levinsky,L (1479)-Sakovski,R (1894) Prague 2018}) 9. Bb5 {[%cal Rd4c6] White is slightly better.} Rc8 10. Nxc6 bxc6 11. Ba6 Rd8 12. Nb3 Bd6 13. Bxd6 Rxd6 14. Qa3 Qc7 15. c4 O-O 16. Rc1 e5 17. cxd5 Nxd5 18. Bc4 (18. Qa4 $14 Be6 19. Nc5) 18... Nb6 (18... Qd8 $1 $15 19. O-O Rh6) 19. Na5 $11 Qd7 20. Bb3 $2 (20. f3 $11 Rd2 21. fxg4 Rxg2 22. Be2) 20... Rd8 $19 {( -> ...Rd1+!)} 21. f3 {[#]} Bxf3 $1 $40 {[%mdl 640] Black is out for blood.} 22. O-O $17 (22. gxf3 $2 Qh3 $19) 22... Bd5 23. e4 Bxb3 24. Qxb3 Rd3 25. Qb4 Qg4 26. Qe7 f6 ({Stronger than} 26... Qxe4 27. Qxf7+ Kh8 28. Qf8+ $1 {[%mdl 512]} Rxf8 29. Rxf8#) (26... R3d7 $1 $17 {[%cal Rd7e7]} 27. Qxe5 Rd2) 27. Rc2 $2 (27. Nxc6 $11 {and White has nothing to worry.} Rd2 28. Rf2 Rd1+ 29. Rf1) 27... h6 $19 28. Rcf2 Rd1 ({Weaker is} 28... Qxe4 29. Nb7 $11) 29. Nb3 (29. h3 $17 Qg3 30. Qe6+ Kh8 31. Qb3 Rxf1+ 32. Kxf1) 29... R1d7 ({But not} 29... Qxe4 30. Rxf6 Kh7 31. Rf7) (29... Kh7 $19 30. h3 Qxe4) 30. Qb4 $17 Kh8 31. h3 Qh4 32. Nc5 Rd4 33. Qb3 {[#]} ({White should try} 33. Qa3 $15) 33... Nc4 $1 {[%cal Rc4d2]} 34. Ne6 {[%mdl 64] [#] Double Attack} Qxe4 $2 (34... Nd2 $1 $17 {[%cal Rd2b3]} 35. Rxd2 Rxd2 36. Nxd8 Rxd8) 35. Nxd8 $14 Rxd8 36. Rc1 Rd4 37. Qf3 {[%mdl 1024] White has compensation.} Qd5 $1 38. Rfc2 e4 39. Qb3 {[%cal Rc2c4]} Ne5 {aiming for ...Rd1+.} 40. Qb8+ $2 {[%mdl 8192]} (40. Qxd5 $15 cxd5 41. Kf2) 40... Kh7 $19 41. Qxa7 $2 (41. Rc3 $19 Rd2 42. Qb3 Qd4+ 43. Kh1) 41... Rd1+ {Black mates.} 42. Kh2 Nf3+ 43. gxf3 Qe5+ 44. Kg2 Qg5+ 45. Kh2 Qf4+ 46. Kg2 Qxf3+ 47. Kh2 Qh1+ 48. Kg3 Rd3+ {Accuracy: White = 38%, Black = 56%.} 0-1

[Event "9th A. Margaryan Memorial 2019"]
[Site "Yerevan"]
[Date "2019.01.08"]
[Round "1"]
[White "Mikaelyan, Arman"]
[Black "Barseghyan, Armen Ar."]
[Result "1-0"]
[WhiteElo "2474"]
[BlackElo "2386"]
[Annotator "TA"]
[PlyCount "77"]
[EventDate "2019.01.08"]
[EventType "tourn"]
[EventCountry "ARM"]
[SourceTitle "playchess.com"]
[Source "ChessBase"]
[SourceQuality "1"]

{[%evp 18,77,61,69,50,58,48,48,38,51,54,36,46,45,63,72,56,43,29,44,44,36,56,54,64,59,64,56,60,58,85,86,158,89,90,90,202,196,259,241,227,233,284,251,315,295,428,272,544,536,562,538,536,540,546,539,720,703,1823,2903,29992,29993]} 1. c4 c5 2. Nf3 Nf6 3. b3 g6 4. Bb2 Bg7 5. g3 O-O 6. Bg2 Nc6 7. O-O d6 8. Nc3 Bd7 9. e3 {[%cal Be2e3,Be3d4,Bd4d5][%mdl 32]} Qc8 {A38: Symmetrical English vs ...g6: 4 Bg2 Bg7 5 Nf3 Nf6} 10. d4 {LiveBook: 5 Games} cxd4 (10... Bg4 11. Qd2 Rd8 12. d5 Nb8 13. e4 Na6 14. Rfe1 Bxf3 15. Bxf3 Nc7 16. Bg2 Rb8 17. f4 {0-1 (38) Kunin,V (2574)-Noe,C (2487) Neustadt an der Weinstrasse 2018}) 11. exd4 Bg4 {White is slightly better.} 12. Qd2 e5 $146 ({Predecessor:} 12... Rd8 13. d5 Nb8 14. Rfe1 Re8 15. Nd4 Bh3 16. Re2 Bxg2 17. Kxg2 {1-0 (54) Certic,B (2383)-Kovacic,M (2182) Belgrade 2017}) 13. d5 Bxf3 14. Bxf3 Nd4 15. Bg2 Nd7 16. Ne4 Qc7 17. Bxd4 exd4 18. Qf4 Ne5 19. Rad1 h6 20. Rxd4 f5 21. Nc3 {[%cal Be4c3,Bc3e2,Be2d4,Bd4e6][%mdl 32]} g5 22. Qd2 Qb6 23. Ne2 Rae8 24. Qd1 $1 Ng4 (24... Nd7 $142) 25. Rd3 (25. Rd2 $142 $1) 25... Ne5 $16 26. Rd2 f4 {[#]} (26... Nd7 $16) 27. Nd4 $1 $18 g4 (27... a6 $142 28. Qh5 Re7) 28. gxf4 Rxf4 {[#]} 29. Ne6 $1 {[%cal Re6f4]} Ref8 30. c5 Qb4 31. a3 (31. Nxf4 Qxf4 32. Re1 (32. cxd6 $2 Nf3+ 33. Bxf3 Be5 $19) 32... Nf3+ 33. Bxf3 gxf3 $16) 31... Qc3 (31... Qxa3 $142 32. c6 (32. Nxf8 Rxf8 33. Rc2 b6 $18) 32... Qa5) 32. Qc2 ({Don't take} 32. Nxf8 Rxf8 33. c6 Qa5 $18) 32... Nf3+ $2 (32... Qxc2 {was necessary.} 33. Rxc2 dxc5 34. Nxf4 Rxf4 35. Rxc5 Bf8) 33. Bxf3 $1 gxf3 34. Qxc3 Bxc3 35. Rd3 Rg4+ 36. Kh1 Rf5 37. Rxc3 Rh4 38. cxd6 Rfh5 39. Rg1+ {Precision: White = 67%, Black = 46%.} 1-0

[Event "9th A. Margaryan Memorial 2019"]
[Site "Yerevan"]
[Date "2019.01.08"]
[Round "1"]
[White "Petriashvili, Nikoloz"]
[Black "Babujian, Levon"]
[Result "0-1"]
[WhiteElo "2441"]
[BlackElo "2488"]
[Annotator "TA"]
[PlyCount "120"]
[EventDate "2019.01.08"]
[EventType "tourn"]
[EventCountry "ARM"]
[SourceTitle "playchess.com"]
[Source "ChessBase"]
[SourceQuality "1"]

{[%evp 14,120,-18,-16,11,-15,-6,-17,-12,-12,-15,-25,-20,-15,0,0,0,-10,0,-30,46,43,49,33,49,49,49,44,48,41,42,-56,-51,-143,-143,-143,-143,-172,-176,-169,-196,-212,-197,-172,-172,-197,-140,-183,-140,-140,-140,-140,-140,-267,-172,-152,-170,-177,-175,-165,-177,-192,-195,-385,-385,-395,-385,-373,-362,-1118,-1091,-927,-848,-29964,-8,-8,-8,-8,0,0,0,-80,-80,-29961,-29963,-29962,-29963,-29963,-29965,-29963,-29963,-29964,-29964,-29964,-29966,-29968,-29970,-29974,-29978,-29980,-29981,-29976,-29980,-29984,-29985,-29985,-29986,-29989,-29990]} 1. c4 Nf6 2. Nc3 e5 3. g3 Bb4 4. Bg2 O-O 5. e4 Bxc3 6. dxc3 d6 7. Ne2 Be6 {A22: English Opening: 1...e5 2 Nc3 Nf6} (7... a6 8. a4 Be6 9. b3 Nbd7 10. O-O Nc5 11. Bg5 h6 12. Bxf6 Qxf6 13. Nc1 Qg6 14. Re1 f5 15. exf5 Qxf5 {0-1 (31) Mamedov,R (2660)-Harikrishna,P (2725) Bilbao 2014}) 8. b3 {LiveBook: 10 Games} Qc8 9. O-O Bh3 {The position is equal.} 10. Qd3 $146 ({Predecessor:} 10. Qc2 Bxg2 11. Kxg2 Nbd7 12. f3 Nc5 13. Be3 Ne6 14. Rad1 Ne8 15. Kh1 {½-½ (42) Tsiganova,M (2249)-Paasikangas Tella,J (2300) Tallinn 2002}) 10... Bxg2 11. Kxg2 Nbd7 12. Be3 a5 13. f3 a4 14. b4 Rd8 15. g4 Nb6 16. Ng3 c5 ({Black should try} 16... Qe6 $1 $11) 17. Bg5 $14 Qe6 $1 18. Nf5 Qxc4 19. Rfd1 Qxd3 20. Rxd3 Nc4 21. Bxf6 gxf6 22. bxc5 ({Better is} 22. Rd5 $14) 22... dxc5 $15 23. Rad1 (23. Rd5 $15) 23... Rxd3 $17 24. Rxd3 {[%mdl 4096] Endgame KRN-KRN} b5 25. Rd7 b4 $1 26. cxb4 cxb4 27. Nh6+ Kf8 28. Rxf7+ Ke8 {Threatens to win with ...b3.} 29. Rxh7 ({Wrong is} 29. Rxf6 $2 b3 $19) 29... Ra6 $1 30. Rc7 Na5 31. Nf5 {Strongly threatening h4.} b3 $1 {[%cal Rb3b2]} 32. axb3 a3 $1 {[%cal Ba4a3,Ba3a2][%mdl 32] aiming for ...a2.} 33. Ne3 (33. Rc8+ $17 {is a better defense.} Kd7 34. Rc2) 33... a2 34. Nc2 Nxb3 35. Rc3 Nd4 {[%mdl 1024] Black has strong compensation.} 36. Na1 Rb6 $1 {[%cal Rb6b1]} 37. Ra3 Rb2+ 38. Kh3 $2 (38. Kg3) 38... Kf7 $19 39. g5 fxg5 40. Kg4 Rg2+ 41. Kh3 $2 (41. Kh5) 41... Rg1 42. Rxa2 Kg6 43. Nc2 Nxf3 $2 (43... Ne2 $1 {mates} 44. Ra6+ Kf7 45. Ra7+ Kf8 46. Ra8+ Kf7 47. Ra7+ Kf8 48. Ra8+ Ke7 49. Ra7+ Kd6 50. Rf7 Nf4+ 51. Rxf4 gxf4 52. Nb4 Kc5 53. Nd5 Kd4 54. Nf6 Ke3 55. Nd7 Kxf3 56. Nxe5+ Kxe4 57. Nc4 f3 58. Nd2+ Kf4 59. Nxf3 Kxf3 60. Kh4 Kf4 61. Kh5 Kf5 62. Kh6 Rg6+ 63. Kh5 Rb6 64. h4 Rb5 65. Kh6 Kf6 66. Kh7 Rh5+ {[%mdl 64] Double Attack} 67. Kg8 Rxh4 68. Kf8 Rh8#) 44. Ne3 $11 Kh5 {( -> ...g4+)} 45. Rg2 Re1 46. Ng4 Nd4 47. Rf2 {[#]} (47. Kg3 $11) 47... Ne6 $1 $17 {[%cal Re6f4] Hoping for ...Nf4+.} 48. Nxe5 $2 {[%mdl 8192]} (48. Nf6+ $17 Kg6 49. Ng4 Nf4+ 50. Kg3) 48... Rg1 {Black mates.} 49. Rf5 Nf4+ 50. Rxf4 gxf4 {KR-KN} 51. Nf3 Ra1 52. Kg2 Ra2+ 53. Kf1 Ra4 54. Nd2 Kg4 55. Ke2 Ra3 56. e5 f3+ {[%cal Bf4f3,Bf3f2][%mdl 32]} 57. Kf2 Kf4 58. e6 Ra2 59. Ke1 {[#]} f2+ $1 {[%mdl 512]} 60. Kf1 (60. Kxf2 Rxd2+) 60... Rxd2 {Accuracy: White = 33%, Black = 70%.} 0-1

[Event "9th A. Margaryan Memorial 2019"]
[Site "Yerevan"]
[Date "2019.01.08"]
[Round "1"]
[White "Davtyan, Artur"]
[Black "Sturua, Zurab"]
[Result "1-0"]
[WhiteElo "2405"]
[BlackElo "2529"]
[Annotator "TA"]
[PlyCount "67"]
[EventDate "2019.01.08"]
[EventType "tourn"]
[EventCountry "ARM"]
[SourceTitle "playchess.com"]
[Source "ChessBase"]
[SourceQuality "1"]

{[%evp 21,67,0,49,32,48,47,65,53,66,69,65,62,61,60,53,60,90,81,83,73,95,98,127,111,172,162,161,162,154,159,201,189,497,206,206,197,195,198,193,202,255,250,467,458,627,627,581,312]} 1. d4 Nf6 2. c4 e6 3. Nf3 b6 4. g3 Ba6 5. Qc2 Bb7 6. Bg2 c5 7. d5 {E15: Queen's Indian: 4 g3 sidelines, 4 g3 Ba6 and 4 g3 Bb7 early deviations} exd5 8. cxd5 Nxd5 9. O-O Be7 10. Rd1 Nc6 11. Qa4 Nc7 {[#] LiveBook: 4 Games} 12. Ne5 $1 {[%cal Re5c6][%mdl 512]} Nxe5 13. Bxb7 Rb8 14. Bg2 $146 O-O 15. Bf4 Bf6 16. Nc3 a6 17. Bxe5 Bxe5 18. Rxd7 Qc8 19. Rad1 b5 20. Qe4 Bxc3 21. bxc3 Ne8 {Threatening ...Nf6.} 22. Qf4 c4 (22... Rb6 $16 {keeps fighting.}) 23. Bf3 $18 Rb6 24. Rd8 Qc5 25. R1d5 Qa3 26. R5d7 Nf6 $2 (26... Rf6 27. Qd4 Re6) 27. Rxf8+ (27. Bd5 $142 Re6 28. Rxf8+ Qxf8 29. Bxe6 fxe6 30. Ra7) 27... Qxf8 {[#]} 28. Ra7 $1 {[%cal Ra7a8]} Re6 29. Ra8 Re8 30. Rxa6 h6 31. a4 {[%cal Ba2a4,Ba4b5][%mdl 32]} Qc5 $2 (31... bxa4 {was worth a try.} 32. Rxa4 Qe7) 32. Rc6 {White is clearly winning.} Qa3 33. axb5 Qxc3 34. Qxc4 {Accuracy: White = 74%, Black = 39%.} 1-0

[Event "9th A. Margaryan Memorial 2019"]
[Site "Yerevan"]
[Date "2019.01.09"]
[Round "2"]
[White "Sturua, Zurab"]
[Black "Sargsyan, Tigran R."]
[Result "1/2-1/2"]
[WhiteElo "2533"]
[BlackElo "2332"]
[Annotator "ChessBase"]
[PlyCount "80"]
[EventDate "2019.01.08"]
[EventType "tourn"]
[EventCountry "ARM"]
[SourceTitle "playchess.com"]
[Source "ChessBase"]
[SourceQuality "1"]
[TimeControl "40/5400+30:1800+30"]

1. c4 {[%emt 0:00:00]} c6 {[%emt 0:00:15]} 2. Nf3 {[%emt 0:00:15]} d5 {[%emt 0:00:07]} 3. e3 {[%emt 0:00:36]} Bf5 {[%emt 0:02:15]} 4. cxd5 {[%emt 0:02:40]} cxd5 {[%emt 0:00:35]} 5. Qb3 {[%emt 0:00:16]} Qc8 {[%emt 0:01:40]} 6. Nc3 {[%emt 0:00:19]} e6 {[%emt 0:00:34]} 7. d4 {[%emt 0:17:52]} Nc6 {[%emt 0:01:16]} 8. Bd2 {[%emt 0:00:07]} Bd6 {[%emt 0:09:42]} 9. Rc1 {[%emt 0:01:21]} Nge7 {[%emt 0:06:50]} 10. Nh4 {[%emt 0:14:07]} Bg4 {[%emt 0:06:09]} 11. h3 {[%emt 0:10:09]} Bh5 {[%emt 0:00:31]} 12. g4 {[%emt 0:00:09]} Bg6 {[%emt 0:00:40]} 13. Be2 {[%emt 0:00:07]} O-O {[%emt 0:19:26]} 14. Nxg6 {[%emt 0:11:29]} Nxg6 {[%emt 0:01:25]} 15. Na4 {[%emt 0:01:07]} Qd7 {[%emt 0:23:05]} 16. Nc5 {[%emt 0:01:03]} Bxc5 {[%emt 0:00:20]} 17. Rxc5 {[%emt 0:00:15]} Rac8 {[%emt 0:01:24]} 18. h4 {[%emt 0:17:42]} Nge7 {[%emt 0:04:28]} 19. f4 {[%emt 0:03:17]} f5 {[%emt 0:02:03]} 20. g5 {[%emt 0:02:59]} Rc7 {[%emt 0:00:32]} 21. Kf2 {[%emt 0:00:57]} Nc8 {[%emt 0:00:20]} 22. Rhc1 {[%emt 0:04:20]} Nd6 {[%emt 0:00:13]} 23. Kg2 {[%emt 0:00:18]} Ne4 {[%emt 0:02:41]} 24. R5c2 {[%emt 0:01:03]} Rfc8 {[%emt 0:03:03]} 25. Be1 {[%emt 0:01:01]} Nd8 {[%emt 0:05:17]} 26. a4 {[%emt 0:04:36]} Nf7 {[%emt 0:03:44]} 27. Ba5 {[%emt 0:01:44]} Rxc2 {[%emt 0:00:47]} 28. Rxc2 {[%emt 0:00:02]} Nfd6 {[%emt 0:00:28]} 29. Bb4 {[%emt 0:01:20]} Kf7 {[%emt 0:01:41]} 30. Rxc8 {[%emt 0:01:45]} Qxc8 {[%emt 0:00:24]} 31. Qd1 {[%emt 0:00:25]} Nc4 {[%emt 0:00:46]} 32. Qc1 {[%emt 0:00:15]} Ncd6 {[%emt 0:02:27]} 33. Qxc8 {[%emt 0:00:30]} Nxc8 {[%emt 0:00:01]} 34. b3 {[%emt 0:00:55]} a6 {[%emt 0:00:25]} 35. Bh5+ {[%emt 0:00:49]} g6 {[%emt 0:00:33]} 36. Bd1 {[%emt 0:00:11]} Na7 {[%emt 0:00:43]} 37. h5 {[%emt 0:00:21]} Nc6 {[%emt 0:00:05]} 38. Be1 {[%emt 0:00:03]} a5 {[%emt 0:01:24]} 39. h6 {[%emt 0:01:12]} b6 {[%emt 0:00:08]} 40. Kf3 {[%emt 0:00:00]} Ke7 {[%emt 0:00:00] Kxe4} 1/2-1/2

[Event "9th A. Margaryan Memorial 2019"]
[Site "Yerevan"]
[Date "2019.01.09"]
[Round "2"]
[White "Babujian, Levon"]
[Black "Sychev, Klementy"]
[Result "1/2-1/2"]
[WhiteElo "2488"]
[BlackElo "2537"]
[Annotator "TA"]
[PlyCount "97"]
[EventDate "2019.01.08"]
[EventType "tourn"]
[EventCountry "ARM"]
[SourceTitle "playchess.com"]
[Source "ChessBase"]
[SourceQuality "1"]

{[%evp 19,97,0,0,0,0,-14,-8,-14,-2,-35,5,-15,23,0,6,-22,45,0,0,0,0,0,0,-12,0,0,0,-13,-28,-43,-29,-48,-53,-39,-17,-23,0,-2,89,-93,-107,-97,-82,-77,47,45,39,35,34,29,22,0,0,-68,-72,-135,-160,-129,-93,-96,-103,-129,-102,-104,-80,-97,0,-66,-14,-13,-8,-26,0,0,0,-7,0,0,0,-8]} 1. c4 g6 2. Nc3 c5 3. g3 Bg7 4. Bg2 Nc6 5. e3 e6 6. Nge2 Nge7 7. O-O O-O 8. d4 cxd4 9. exd4 d5 10. cxd5 Nxd5 {LiveBook: 51 Games} 11. h4 {A36: Symmetrical English vs ...g6: 4 Bg2 Bg7} Nde7 $146 ({Predecessor:} 11... b6 12. Bg5 Qd7 13. Nxd5 exd5 14. Nc3 Nxd4 15. Re1 h6 16. Bxh6 Bxh6 17. Qxd4 Bb7 18. Nxd5 Bxd5 19. Bxd5 {½-½ (57) Ju,W (2568)-Harika,D (2515) Abu Dhabi 2016}) 12. Bg5 h6 13. Bf4 Qb6 14. Qc1 Kh7 15. a4 {[%cal Ba2a4,Ba4a5][%mdl 32]} Nd5 16. a5 Qa6 17. Re1 Ncb4 (17... Nxf4 $11 18. Qxf4 e5 19. dxe5 Nxe5) 18. Qd2 Nxf4 19. Nxf4 Rd8 20. d5 e5 21. Bf1 Qd6 22. Ng2 Qf8 23. h5 g5 24. Rad1 f5 25. d6 Nc6 {aiming for ...Nd4.} 26. Qd5 $1 Nd4 27. Nb5 {[%cal Rd1d4]} Be6 28. Qxb7 Rdb8 (28... Rd7 $11 29. Nc7 Rb8 30. Nxe6 Rbxb7 31. Nxf8+ Bxf8) 29. Nxd4 $2 (29. Qe7 $1 $16 {is necessary to keep the advantage.} Qxe7 30. dxe7 Nf3+ {[%mdl 64] Double Attack} 31. Kh1 Nxe1 32. Nc7 Nxg2 33. Nxe6) 29... Rxb7 $17 30. Nxe6 Qf6 $1 {[%cal Rf6e6]} 31. Bc4 {[#]} Rc8 ({Of course not} 31... Rxb2 32. d7 $11) (31... Rd7 $1 $17 32. Ne3 Rc8 33. Nxg7 Kxg7) 32. d7 $1 $14 {[%cal Rd7c8]} Rxc4 33. d8=Q Qxe6 34. Rd6 Qf7 35. Ne3 Rd4 $36 {[%mdl 2048] Black fights for an advantage.} 36. Rc1 (36. Nd5 $11) 36... f4 $1 $15 {[%cal Rf4e3]} (36... Rxb2 $2 37. Rc7 $18) 37. gxf4 (37. Ng4 $142 Rxd6 38. Qxd6) 37... gxf4 $17 ({Not} 37... Rxb2 $2 38. Rc7 $18) 38. Ng4 Rxd6 ({But not} 38... Rxb2 $6 39. Nf6+ Bxf6 40. Qxf6 $11) 39. Qxd6 Qxh5 40. f3 Qg6 41. Qxg6+ Kxg6 {[%mdl 4096] Endgame KRB-KRN} 42. Rc6+ {[#]} Kh7 (42... Kh5 $1 $17 {And now ...e4 would win.} 43. a6 Rxb2) 43. Nf2 (43. Nf6+ $11 Bxf6 44. Rxf6) 43... Rxb2 (43... Rb3 $1 $15 44. Rc7 a6) 44. Rc7 $11 a6 45. Rc6 Rb1+ 46. Kg2 {The position is equal.} Rb2 {Hoping for ...e4!} 47. Kf1 Rb3 48. Kg2 Rb2 {Strongly threatening ...e4!} 49. Kf1 {Accuracy: White = 44%, Black = 54%.} 1/2-1/2

[Event "9th A. Margaryan Memorial 2019"]
[Site "Yerevan"]
[Date "2019.01.09"]
[Round "2"]
[White "Davtyan, Artur"]
[Black "Mikaelyan, Arman"]
[Result "1/2-1/2"]
[WhiteElo "2396"]
[BlackElo "2474"]
[Annotator "TA"]
[PlyCount "62"]
[EventDate "2019.01.08"]
[EventType "tourn"]
[EventCountry "ARM"]
[SourceTitle "playchess.com"]
[Source "ChessBase"]
[SourceQuality "1"]

{[%evp 30,62,43,36,29,41,33,39,58,42,56,62,77,77,68,46,57,52,110,106,106,0,0,0,0,0,0,0,0,0,0,0,0,0,0]} 1. d4 d5 2. c4 c6 3. Nf3 Nf6 4. Nc3 dxc4 5. a4 Bf5 6. Ne5 Nbd7 7. Nxc4 Qc7 8. g3 e5 9. dxe5 Nxe5 10. Bf4 Nfd7 11. Bg2 g5 {D17: Slav Defence: 5 a4 Bf5: Lines with 6 Nh4 and 6 Ne5} 12. Nxe5 gxf4 13. Nxd7 O-O-O 14. Qd4 Qxd7 15. Qxf4 Bd6 16. Qc1 {LiveBook: 22 Games} Kb8 17. O-O h5 18. h4 Rhg8 19. a5 {[#]} a6 $146 20. Ra4 Bc7 21. Rd1 Qe6 22. Rxd8+ Rxd8 23. Bf3 Rg8 (23... Bg6 $14) 24. Bxh5 Qe5 {[#] ( -> ...Rxg3+!)} 25. Bf3 (25. Qe1 $1 $16) 25... Rxg3+ $1 $11 {The position is equal.} 26. fxg3 Qxg3+ 27. Bg2 {And now Kf1 would win.} Bh3 {[%csl Gh3][%cal Rg3g2]} 28. Qf1 $1 {[%cal Rf1f3] Qf3 is the strong threat.} Qh2+ 29. Kf2 Qg3+ 30. Kg1 Qh2+ 31. Kf2 {[#] aiming for Qg1.} Qg3+ {Accuracy: White = 82%, Black = 52%.} 1/2-1/2

[Event "9th A. Margaryan Memorial 2019"]
[Site "Yerevan"]
[Date "2019.01.09"]
[Round "2"]
[White "Barseghyan, Armen Ar."]
[Black "Gholami, Aryan"]
[Result "0-1"]
[WhiteElo "2380"]
[BlackElo "2488"]
[Annotator "TA"]
[PlyCount "46"]
[EventDate "2019.01.08"]
[EventType "tourn"]
[EventCountry "ARM"]
[SourceTitle "playchess.com"]
[Source "ChessBase"]
[SourceQuality "1"]

{[%evp 13,46,-18,27,-20,-34,-68,-31,-44,-45,-48,-51,-121,-20,-15,45,-14,-12,-80,-72,-139,-153,-492,-491,-487,-490,-477,-482,-470,-471,-634,-620,-666,-671,-922,-825]} 1. e4 c5 2. Nc3 e6 3. f4 a6 4. Nf3 b5 5. d3 Bb7 6. g3 {B23: Closed Sicilian: Lines without g3} (6. Qe2 Nc6 7. g3 Nd4 8. Nxd4 cxd4 9. Nd1 Rc8 10. Bg2 Bb4+ 11. c3 dxc3 12. bxc3 Rxc3 {0-1 (34) Maze,S (2612)-Gharamian,T (2614) Nimes 2018}) 6... d5 7. Bg2 b4 {LiveBook: 3 Games} 8. Ne2 {White has an edge.} dxe4 9. Ng5 Nf6 10. O-O {[%cal Rg5e4] [#]} c4 $1 {[%cal Re4d3][%mdl 512]} 11. Be3 {[%cal Rg5e4]} (11. dxc4 Qb6+) 11... Nd5 12. Bd4 {[#]} (12. dxc4 Nxe3 13. Qxd8+ Kxd8 $17) (12. Bf2 $15 e3 13. dxc4 exf2+ 14. Rxf2) 12... cxd3 (12... Nc6 $1 $17 {[%cal Rc6d4]} 13. dxe4 (13. dxc4 Nxd4 14. Qxd4 Nf6 $17) 13... Nxd4 14. Qxd4 (14. Nxd4 Ne3 $17) 14... Qc7) 13. cxd3 $11 e3 $146 (13... exd3 $11 14. Qxd3 Nc6) 14. Rc1 ({White should play} 14. f5 $14 Qxg5 15. fxe6 fxe6 16. Nf4) 14... Nc6 $36 {[%mdl 2048] Black is more active.} 15. Be5 (15. Qb3 $11) 15... Rc8 $17 (15... Nxe5 16. fxe5 Qxg5 17. Qa4+ (17. Bxd5 Bxd5 18. Qa4+ Kd8 $11) 17... Kd8 18. Qa5+ (18. Rxf7 Be7 $11) 18... Ke8 {[#]} 19. Rc7 $1 $14 {[%mdl 512]} (19. Bxd5 Bxd5 20. Qa4+ Kd8 $11)) 16. Nd4 ({White should try} 16. d4) 16... Nxe5 17. Ngxe6 $2 (17. fxe5 $17 {was the crucial defense.} Rxc1 18. Qa4+ Rc6 19. Nxc6) 17... Rxc1 $19 {Black is clearly winning.} ({Much less strong is} 17... fxe6 18. fxe5 Rxc1 19. Qxc1 $19) 18. Qxc1 fxe6 19. fxe5 Qb6 20. Ne2 Be7 21. Bxd5 Bxd5 22. Qc8+ Bd8 23. Rc1 O-O {Accuracy: White = 16%, Black = 60%.} 0-1